000 00321nam a2200133Ia 4500
008 231129s1996||||xx |||||||||||||| ||spa||
040 _bspa
082 _aCo861 รณ15c
100 _aOcampo Correa German
245 0 _aConjuros para ahuyentar la soledad
260 _c1996
264 _a[sin editorial]
942 _2ddc
_cBKS
999 _c7924
_d7924